Стратегия производства и её роль в деятельности предприятия; Прогрессивные технологии и экономика в машиностроении; Т. 1

Detaylı Bibliyografya
Parent link:Прогрессивные технологии и экономика в машиностроении: сборник трудов VII Всероссийской научно-практической конференции для студентов и учащейся молодежи, г. Юрга, 7-9 апреля 2016 г./ Национальный исследовательский Томский политехнический университет (ТПУ), Юргинский технологический институт (ЮТИ) ; под ред. Д. А. Чинахова.— , 2016
Т. 1.— 2016.— [С. 472-474]
Yazar: Елитова Т. А.
Müşterek Yazar: Национальный исследовательский Томский политехнический университет (ТПУ) Юргинский технологический институт (филиал) (ЮТИ) Кафедра экономики и автоматизированных систем управления (ЭАСУ)
Diğer Yazarlar: Холопова Л. А. Любовь Алексеевна (научный руководитель)
Özet:Заглавие с титульного экрана
Dil:Rusça
Baskı/Yayın Bilgisi: 2016
Seri Bilgileri:Экономика, менеджмент и маркетинг на предприятии
Konular:
Online Erişim:http://earchive.tpu.ru/handle/11683/26143
Materyal Türü: Elektronik Kitap Bölümü
KOHA link:https://koha.lib.tpu.ru/cgi-bin/koha/opac-detail.pl?biblionumber=618418

MARC

LEADER 00000naa2a2200000 4500
001 618418
005 20231102023732.0
035 |a (RuTPU)RU\TPU\conf\16800 
035 |a RU\TPU\conf\16799 
090 |a 618418 
100 |a 20160602d2016 k y0rusy50 ca 
101 0 |a rus 
102 |a RU 
105 |a y z 101zy 
135 |a drcn ---uucaa 
181 0 |a i  
182 0 |a b 
200 1 |a Стратегия производства и её роль в деятельности предприятия  |f Т. А. Елитова  |g науч. рук. Л. А. Холопова 
203 |a Текст  |c электронный 
225 1 |a Экономика, менеджмент и маркетинг на предприятии 
230 |a 1 компьютерный файл (pdf; 297 Кb) 
300 |a Заглавие с титульного экрана 
320 |a [Библиогр.: с. 474 (5 назв.)] 
461 1 |0 (RuTPU)RU\TPU\conf\16596  |t Прогрессивные технологии и экономика в машиностроении  |o сборник трудов VII Всероссийской научно-практической конференции для студентов и учащейся молодежи, г. Юрга, 7-9 апреля 2016 г.  |o в 2 т.  |f Национальный исследовательский Томский политехнический университет (ТПУ), Юргинский технологический институт (ЮТИ) ; под ред. Д. А. Чинахова  |d 2016 
463 1 |0 (RuTPU)RU\TPU\conf\16598  |t Т. 1  |v [С. 472-474]  |d 2016 
610 1 |a труды учёных ТПУ 
610 1 |a электронный ресурс 
610 1 |a предприятия 
610 1 |a стратегии 
610 1 |a конкурентоспособность 
610 1 |a организационно-экономические процессы 
610 1 |a социально-политические изменения 
700 1 |a Елитова  |b Т. А. 
702 1 |a Холопова  |b Л. А.  |c специалист в области автоматического управления  |c доцент Юргинского технологического института Томского политехнического университета, кандидат педагогических наук  |f 1953-  |g Любовь Алексеевна  |2 stltpush  |4 727  |9 14701 
712 0 2 |a Национальный исследовательский Томский политехнический университет (ТПУ)  |b Юргинский технологический институт (филиал) (ЮТИ)  |b Кафедра экономики и автоматизированных систем управления (ЭАСУ)  |h 360  |2 stltpush  |3 (RuTPU)RU\TPU\col\18900 
801 2 |a RU  |b 63413507  |c 20160629  |g RCR 
856 4 |u http://earchive.tpu.ru/handle/11683/26143 
942 |c BK